| 000 | 00492nam a2200193Ia 4500 | ||
|---|---|---|---|
| 005 | 20231012090328.0 | ||
| 008 | 131103s9999 xx 000 0 und d | ||
| 020 |
_a140148159 _cRs.95 |
||
| 040 | _aLoreto College | ||
| 041 | _aEnglish | ||
| 082 |
_a741.5 _bLAX |
||
| 100 | _aLaxman,R.K. | ||
| 245 |
_aThe Best of Laxman,V I _cR.K.Laxman |
||
| 260 |
_aNew Delhi _bPenguin Books _c1990 |
||
| 300 |
_a224 p. _b illus. |
||
| 650 | _aCartoons and Caricatures | ||
| 850 | _aLCLIB | ||
| 942 | _cBK | ||
| 999 |
_c17382 _d67861 |
||